| 000 | 00542nam a22001697a 4500 | ||
|---|---|---|---|
| 003 | NUST | ||
| 038 | _aNusrat Nadeem | ||
| 082 | _a200 | ||
| 100 |
_aIjaz, Haris _9118388 |
||
| 245 |
_aClassification of Disaster Aerial Image for Efficient Disaster Management/ _cHaris Ijaz, |
||
| 264 |
_aIslamabad: _bSEECS, NUST, _c2023. |
||
| 300 |
_a82 p. ; _c30 cm. |
||
| 650 |
_aMS- Electrical Engineering _923567 |
||
| 700 |
_aSupervisor: Dr. Rizwan Ahmad _997238 |
||
| 856 | _uhttp://10.250.8.41:8080/xmlui/handle/123456789/36736 | ||
| 942 |
_2ddc _cSC |
||
| 999 |
_c603345 _d603345 |
||